1801 1582 1677 1416 1778 1515 1559 1287 1122 1879 1217 1290 1144 1241 1803 1809 1416 1800 1932 1234 1812 1538 1173 1723 1045 1490 1853 1613 1180 1854 1572 1588 1052 1081 1603 1694 1065 1785 1057 1534 1110 1365 1805 1959 1832 1970 1474 1392 1944 1512 1788 1963 1438 1091 1255 1597 1649 1327 1940 1439 1098 1175 1965 1099 1039 1456 1817 1681 1165 1749 1396 1786 1308 1498 1399 1018 1345 1069 1760 1218 1780 1626 1092 1851 1077 1679 1947 1518 1579 1501 1954 1475 1712 1609 1715 1270 1502 1091 1203 BCNSPRNW ULIB Ver.6.0+V

เปลี่ยนเป็นภาษาไทย

Change to English
 แสดงรายละเอียดบรรณานุกรม
  กลับหน้าหลัก

Brief Record : Get Marc (ISO 2709) : E-mail record : QR code < ปิดหน้าต่าง
LEADER : 00000nam 2200000uu 4500
001    13399112177
003     ULIB
008    110729s2553||||th 000 0 tha d
050 04 HD8039^bส181ว 2553
110 1  สถาบันพระบรมราชชนก
245 10 วิจัยชีวิตชาวประมงบ้านแหลม จังหวัดตรัง/^cสถาบันพระบรมราชชนก
260    นนทบุรี :^bสถาบันพระบรมราชชนก,^c2553
300    69 หน้า
650  7 ชาวประมง^xตรัง^xวิจัย
945    ^p0^l0^i029135
945    ^p0^l0^i029136
945    ^p0^l0^i029137
945    ^p0^l0^i029138
995    ทศพร
999 ^a ทศพร
รายการนี้ยังไม่มีแท็ก
คุณยังไม่ได้ล็อกอิน คุณสามารถมีกิจกรรมร่วมกับเว็บไซต์ได้ แต่ต้องล็อกอินก่อน ::
  ล็อกอิน

รายการสื่อสารสนเทศ

ลำดับที่ ประเภท เลขเรียก/บาร์โค้ด สถานที่ สถานะ
- ไม่พบข้อมูล -

BibComment


ยังไม่เคยถูกคอมเมนท์

คอมเมนท์ทรัพยากรรายการนี้
  คอมเมนท์: วิจัยชีวิตชาวประม..


 Copyright 2026. Bcnsprnw @Library